000 00883nam1a22002291i 4500
001 rc\2839807
005 20240726075520.0
035 _a(NLR Aleph) 006997405
090 _a5686557
_c5686557
100 _a20110629g19281929|||y0rusy50 ca
101 0 _arus
102 _aRU
105 _ay z |||||
200 1 _aМедицинские монографии "Казанского медицинского журнала"
_eВып. II-
210 _aКазань
_cакушерско-гинекологическая клиника Университета
_d1928-1929
215 _d24х16 см
300 _aПрил. к "Казанск. мед. журн."
422 0 _12001#$aКазанский медицинский журнал
_tКазанский медицинский журнал
801 0 _aRU
_bNLR
_gpsbo
801 1 _aRU
_bELAR
_2rusmarc
852 _aNLR
_j82/401
942 _cBOOK